<?xml version="1.0" encoding="UTF-8"?>
<record
    xmlns:xsi="http://www.w3.org/2001/XMLSchema-instance"
    xsi:schemaLocation="http://www.loc.gov/MARC21/slim http://www.loc.gov/standards/marcxml/schema/MARC21slim.xsd"
    xmlns="http://www.loc.gov/MARC21/slim">

  <leader>04500cam a22006254i 4500</leader>
  <controlfield tag="003">PE-LiUPU</controlfield>
  <controlfield tag="005">20250731180151.0</controlfield>
  <controlfield tag="008">150706s2007            r     000 0     d</controlfield>
  <datafield tag="020" ind1=" " ind2=" ">
    <subfield code="a">9701056957</subfield>
  </datafield>
  <datafield tag="035" ind1=" " ind2=" ">
    <subfield code="a">(Sirsi) i9789701056950</subfield>
  </datafield>
  <datafield tag="040" ind1=" " ind2=" ">
    <subfield code="a">PE-LiUPU</subfield>
    <subfield code="b">spa</subfield>
    <subfield code="c">PE-LiUPU</subfield>
    <subfield code="e">rda</subfield>
  </datafield>
  <datafield tag="049" ind1=" " ind2=" ">
    <subfield code="a">PRUA</subfield>
  </datafield>
  <datafield tag="082" ind1="0" ind2="4">
    <subfield code="a">574.192</subfield>
    <subfield code="b">H48</subfield>
    <subfield code="2">21</subfield>
  </datafield>
  <datafield tag="082" ind1="0" ind2="4">
    <subfield code="a">574.192</subfield>
    <subfield code="b">H49 2006</subfield>
    <subfield code="2">21</subfield>
  </datafield>
  <datafield tag="100" ind1="1" ind2=" ">
    <subfield code="a">Hicks G&#xF3;mez, Juan Jos&#xE9;,</subfield>
    <subfield code="e">autor.</subfield>
  </datafield>
  <datafield tag="245" ind1="1" ind2="0">
    <subfield code="a">Bioqu&#xED;mica /</subfield>
    <subfield code="c">Juan Jos&#xE9; Hicks G&#xF3;mez.</subfield>
  </datafield>
  <datafield tag="250" ind1=" " ind2=" ">
    <subfield code="a">2a ed.</subfield>
  </datafield>
  <datafield tag="264" ind1=" " ind2="1">
    <subfield code="a">M&#xE9;xico, D.F. :</subfield>
    <subfield code="b">McGraw-Hill Interamericana,</subfield>
    <subfield code="c">2007.</subfield>
  </datafield>
  <datafield tag="300" ind1=" " ind2=" ">
    <subfield code="a">xvi, 887 p&#xE1;ginas :</subfield>
    <subfield code="b">ilustraciones ;</subfield>
    <subfield code="c">27 cm.</subfield>
  </datafield>
  <datafield tag="336" ind1=" " ind2=" ">
    <subfield code="a">text</subfield>
    <subfield code="2">rdacontent</subfield>
  </datafield>
  <datafield tag="337" ind1=" " ind2=" ">
    <subfield code="a">unmediated</subfield>
    <subfield code="2">rdamedia</subfield>
  </datafield>
  <datafield tag="338" ind1=" " ind2=" ">
    <subfield code="a">volume</subfield>
    <subfield code="2">rdacarrier</subfield>
  </datafield>
  <datafield tag="504" ind1=" " ind2=" ">
    <subfield code="a">Incluye referencias bibliogr&#xE1;ficas al final de cada cap&#xED;tulo.</subfield>
  </datafield>
  <datafield tag="505" ind1="0" ind2=" ">
    <subfield code="a">Bases moleculares de la funci&#xF3;n celular -- Las c&#xE9;lulas y su origen -- Isomerismo en biomol&#xE9;culas -- El agua: propiedades y capacidad disolvente de las biomol&#xE9;culas --  Estructura y funci&#xF3;n de amino&#xE1;cidos, p&#xE9;ptidos y prote&#xED;nas -- Regulaci&#xF3;n del equilibrio acidob&#xE1;sico -- Termodin&#xE1;mica en biolog&#xED;a -- Enzimas -- Enzimas y marcadores de utilidad diagn&#xF3;stica -- L&#xED;pidos: estructura y propiedades -- Carbohidratos: estructura, configuraci&#xF3;n y propiedades -- Glucoprote&#xED;nas y proteoglucanos -- Biomembranas y fen&#xF3;menos de transporte -- Ingreso y transporte de ox&#xED;geno -- Metabolismo intermediario. Carbohidratos -- Gluc&#xF3;lisis -- Gluc&#xF3;geno: metabolismo y sus alteraciones -- Gluconeog&#xE9;nesis -- El ciclo de las pentosas --  L&#xED;pidos -- &#xC1;cidos grasos: oxidaci&#xF3;n -- Cuerpos cet&#xF3;nicos: bios&#xED;ntesis y degradaci&#xF3;n. Cetoacidosis -- &#xC1;cidos grasos y eicosanoides: bios&#xED;ntesis -- Triacilgliceroles y glicerofosfol&#xED;pidos: metabolismo -- Esfingol&#xED;pidos: bios&#xED;ntesis y catabolismo -- Colesterol -- Oxidaciones biol&#xF3;gicas -- Ciclo del &#xE1;cido c&#xED;trico -- Transferencia de electrones y respiraci&#xF3;n en la mitocondria. Fosforilaci&#xF3;n oxidativa -- Las lipoprote&#xED;nas -- Biolog&#xED;a molecular -- Amino&#xE1;cidos: bios&#xED;ntesis -- Amino&#xE1;cidos: recambio y degradaci&#xF3;n -- Comunicaci&#xF3;n interneuronal: bases morfofisiol&#xF3;gicas -- Nucle&#xF3;sidos, nucle&#xF3;tidos y &#xE1;cidos nucleicos -- Purinas, pirimidinas y nucle&#xF3;tidos -- S&#xED;ntesis de &#xE1;cido desoxirribonucleico y &#xE1;cido ribonucleico -- El c&#xF3;digo gen&#xE9;tico: s&#xED;ntesis de prote&#xED;nas -- Endocrinolog&#xED;a molecular y bioqu&#xED;mica especial -- Hormonas esteroides: metabolismo -- Hormonas esteroides: mecanismo de acci&#xF3;n -- Hormonas: mecanismos de acci&#xF3;n (transducci&#xF3;n membranal) -- Transducci&#xF3;n de se&#xF1;ales: de la membrana a la actividad gen&#xE9;tica -- &#xD3;xido n&#xED;trico -- Especies reactivas del ox&#xED;geno (ERO): bioqu&#xED;mica inorg&#xE1;nica y biomedicina -- El endotelio vascular: aspectos morfofuncionales -- Porfirinas y grupo hemo: s&#xED;ntesis y degradaci&#xF3;n -- Biotransformaci&#xF3;n de xenobi&#xF3;ticos -- Alteraciones de la glucosilaci&#xF3;n en enfermedades humanas -- Bioqu&#xED;mica del ejercicio -- Nutrici&#xF3;n humana -- Manipulaci&#xF3;n gen&#xE9;tica de organismos superiores.</subfield>
  </datafield>
  <datafield tag="526" ind1=" " ind2=" ">
    <subfield code="a">SEG44</subfield>
  </datafield>
  <datafield tag="526" ind1=" " ind2=" ">
    <subfield code="a">SEG26</subfield>
  </datafield>
  <datafield tag="526" ind1=" " ind2=" ">
    <subfield code="a">P159</subfield>
  </datafield>
  <datafield tag="526" ind1=" " ind2=" ">
    <subfield code="a">P155</subfield>
  </datafield>
  <datafield tag="526" ind1=" " ind2=" ">
    <subfield code="a">P154</subfield>
  </datafield>
  <datafield tag="526" ind1=" " ind2=" ">
    <subfield code="a">P153</subfield>
  </datafield>
  <datafield tag="526" ind1=" " ind2=" ">
    <subfield code="a">P150</subfield>
  </datafield>
  <datafield tag="526" ind1=" " ind2=" ">
    <subfield code="a">P100</subfield>
  </datafield>
  <datafield tag="526" ind1=" " ind2=" ">
    <subfield code="a">P31</subfield>
  </datafield>
  <datafield tag="526" ind1=" " ind2=" ">
    <subfield code="a">P30</subfield>
  </datafield>
  <datafield tag="526" ind1=" " ind2=" ">
    <subfield code="a">P26</subfield>
  </datafield>
  <datafield tag="526" ind1=" " ind2=" ">
    <subfield code="a">P25</subfield>
  </datafield>
  <datafield tag="526" ind1=" " ind2=" ">
    <subfield code="a">P24</subfield>
  </datafield>
  <datafield tag="526" ind1=" " ind2=" ">
    <subfield code="a">P22</subfield>
  </datafield>
  <datafield tag="526" ind1=" " ind2=" ">
    <subfield code="a">P15</subfield>
  </datafield>
  <datafield tag="526" ind1=" " ind2=" ">
    <subfield code="a">P10</subfield>
  </datafield>
  <datafield tag="541" ind1=" " ind2=" ">
    <subfield code="g">015-001551;</subfield>
  </datafield>
  <datafield tag="541" ind1=" " ind2=" ">
    <subfield code="g">001-00003175;</subfield>
  </datafield>
  <datafield tag="650" ind1="0" ind2="4">
    <subfield code="a">Bioqu&#xED;mica.</subfield>
    <subfield code="9">524</subfield>
  </datafield>
  <datafield tag="650" ind1="0" ind2="4">
    <subfield code="a">Biolog&#xED;a molecular.</subfield>
    <subfield code="9">709</subfield>
  </datafield>
  <datafield tag="650" ind1="0" ind2="4">
    <subfield code="a">Metabolismo.</subfield>
    <subfield code="9">393</subfield>
  </datafield>
  <datafield tag="650" ind1="0" ind2="4">
    <subfield code="a">Biologia Celular .</subfield>
  </datafield>
  <datafield tag="910" ind1=" " ind2=" ">
    <subfield code="b">tqv</subfield>
    <subfield code="c">aic</subfield>
    <subfield code="d">20170125</subfield>
  </datafield>
  <datafield tag="942" ind1=" " ind2=" ">
    <subfield code="2">ddc</subfield>
    <subfield code="c">BOOK</subfield>
  </datafield>
  <datafield tag="949" ind1=" " ind2=" ">
    <subfield code="a">574.192 H48</subfield>
    <subfield code="w">DEWEY</subfield>
    <subfield code="c">1</subfield>
    <subfield code="i">67445</subfield>
    <subfield code="l">CCODEBUL1</subfield>
    <subfield code="m">BUL</subfield>
    <subfield code="p">82.00</subfield>
    <subfield code="r">0</subfield>
    <subfield code="s">Y</subfield>
    <subfield code="t">BOOK</subfield>
    <subfield code="u">2015-7-6</subfield>
    <subfield code="x">INGENIERIA</subfield>
    <subfield code="P">P24</subfield>
    <subfield code="o">.STAFF. Colecci&#xF3;n General</subfield>
  </datafield>
  <datafield tag="949" ind1=" " ind2=" ">
    <subfield code="a">574.192 H49 2006</subfield>
    <subfield code="w">DEWEY</subfield>
    <subfield code="c">1</subfield>
    <subfield code="i">FJ05962</subfield>
    <subfield code="l">CCODEBUJ1</subfield>
    <subfield code="m">BUJ</subfield>
    <subfield code="p">00.00</subfield>
    <subfield code="r">0</subfield>
    <subfield code="s">Y</subfield>
    <subfield code="t">BOOK</subfield>
    <subfield code="u">2017-01-25</subfield>
    <subfield code="x">BIBLIOTECA</subfield>
    <subfield code="z">UNKNOWN</subfield>
    <subfield code="0">COMPRA</subfield>
    <subfield code="o">.STAFF. Colecci&#xF3;n General Juliaca</subfield>
  </datafield>
  <datafield tag="994" ind1=" " ind2=" ">
    <subfield code="a">C0</subfield>
    <subfield code="b">PEPRU</subfield>
  </datafield>
  <datafield tag="596" ind1=" " ind2=" ">
    <subfield code="a">1 3</subfield>
  </datafield>
  <datafield tag="999" ind1=" " ind2=" ">
    <subfield code="a">574.192 H48</subfield>
    <subfield code="w">DEWEY</subfield>
    <subfield code="c">55097</subfield>
    <subfield code="i">67445</subfield>
    <subfield code="d">55097</subfield>
    <subfield code="e">2018-4-11</subfield>
    <subfield code="f">2021-11-5</subfield>
    <subfield code="g">7</subfield>
    <subfield code="l">CCODEBUL1</subfield>
    <subfield code="m">BUL</subfield>
    <subfield code="n">16</subfield>
    <subfield code="p">82.00</subfield>
    <subfield code="q">12</subfield>
    <subfield code="r">0</subfield>
    <subfield code="s">Y</subfield>
    <subfield code="t">BOOK</subfield>
    <subfield code="u">2015-7-6</subfield>
    <subfield code="x">BIBLIOTECA</subfield>
    <subfield code="P">P24</subfield>
    <subfield code="0">COMPRA</subfield>
    <subfield code="o">.STAFF. Colecci&#xF3;n General</subfield>
  </datafield>
  <datafield tag="999" ind1=" " ind2=" ">
    <subfield code="a">574.192 H49 2006</subfield>
    <subfield code="w">DEWEY</subfield>
    <subfield code="c">1</subfield>
    <subfield code="i">FJ05962</subfield>
    <subfield code="d">2019-9-30</subfield>
    <subfield code="e">2019-5-24</subfield>
    <subfield code="f">2022-1-25</subfield>
    <subfield code="g">4</subfield>
    <subfield code="l">CCODEBUJ1</subfield>
    <subfield code="m">BUJ</subfield>
    <subfield code="n">2</subfield>
    <subfield code="q">3</subfield>
    <subfield code="r">0</subfield>
    <subfield code="s">Y</subfield>
    <subfield code="t">BOOK</subfield>
    <subfield code="u">2017-1-25</subfield>
    <subfield code="x">BIBLIOTECA</subfield>
    <subfield code="z">UNKNOWN</subfield>
    <subfield code="0">COMPRA</subfield>
    <subfield code="o">.STAFF. Colecci&#xF3;n General Juliaca</subfield>
  </datafield>
  <datafield tag="980" ind1=" " ind2=" ">
    <subfield code="8">1</subfield>
    <subfield code="g">ALBERTO SANCHEZ Responsable de Automatizaci&#xF3;n</subfield>
  </datafield>
  <datafield tag="952" ind1=" " ind2=" ">
    <subfield code="r">2026-03-05 19:11:36</subfield>
    <subfield code="i">8</subfield>
    <subfield code="l">24</subfield>
    <subfield code="o">574.192 H48</subfield>
    <subfield code="p">67445</subfield>
    <subfield code="s">2026-03-02</subfield>
    <subfield code="t">e1</subfield>
    <subfield code="v">87.00</subfield>
    <subfield code="w">2015-07-06</subfield>
    <subfield code="x">FACIHED</subfield>
    <subfield code="y">BK</subfield>
    <subfield code="z">inventario-2023-12-13</subfield>
    <subfield code="1">0</subfield>
    <subfield code="2">ddc</subfield>
    <subfield code="5">0</subfield>
    <subfield code="7">0</subfield>
    <subfield code="8">GEN</subfield>
    <subfield code="f">P10</subfield>
    <subfield code="a">BUL</subfield>
    <subfield code="b">BUL</subfield>
    <subfield code="c">GEN</subfield>
    <subfield code="d">2015-07-06</subfield>
    <subfield code="e">COMPRA</subfield>
    <subfield code="g">82.00</subfield>
  </datafield>
</record>
